000
00386nam a22001337a 4500
003
SGT
020
_a
9788194860518
082
_a
200
_b
H21K
100
_a
कुमार, अरविन्द
245
_a
हिन्दू : धर्म संस्कार एवं संस्कृति
260
_b
किताबवाले
_c
2021
300
_a
376
942
_2
ddc
_c
BK
999
_c
31688
_d
31688